[Event "Cappelle Online Rapid op"]
[Site "Europe Echecs INT"]
[Date "2021.03.06"]
[Round "7"]
[White "Mouton, Frederic"]
[Black "Thieuleux, Thomas"]
[Result "0-1"]
[WhiteElo "1161"]
[BlackElo "1329"]
[PlyCount "70"]
[EventDate "2021.03.06"]
[EventType "swiss (rapid)"]
[EventRounds "9"]
[EventCountry "FRA"]
[SourceTitle "CBM 201 Extra"]
[Source "ChessBase"]
[SourceDate "2021.05.31"]
[SourceVersion "1"]
[SourceVersionDate "2021.05.31"]
[SourceQuality "1"]

1. e4 c6 2. d4 d5 3. e5 Bf5 4. Nf3 e6 5. Bd3 Ne7 6. Nc3 Nd7 7. 0-0 Qc7 8. h3 c5 9. Be3 cxd4 10. Bxd4 Bxd3 11. Qxd3 Nc6 12. Rfe1 Be7 13. Nb5 Qc8 14. a3 a6 15. Nd6+ Bxd6 16. exd6 Nxd4 17. Qxd4 Qc5 18. Qxg7 Rf8 19. Qxh7 Qxd6 20. Qg7 0-0-0 21. Ng5 Rg8 22. Nxf7 Rxg7 23. Nxd6+ Kc7 24. Rxe6 Rdg8 25. g3 Rh7 26. h4 Rxh4 27. Nf5 Rh5 28. Nd4 Rgh8 29. Kg2 Rh2+ 30. Kf3 Rf8+ 31. Ke3 Rfxf2 32. g4 Nf6 33. g5 Ng4+ 34. Kd3 Rh3+ 35. Re3 Rxe3# 0-1